British Airways Fleet Quiz - Statistics

General Stats
  • This quiz has been taken 217 times
  • The average score is 10 of 12
Answer Stats
Manufacturer Answer % Correct
Airbus A320neo
88%
Airbus A320-200
87%
Airbus A321neo
86%
Airbus A350-1000
84%
Airbus A321-200
82%
Boeing 787-9
81%
Airbus A319-100
81%
Airbus A380-800
81%
Boeing 787-8
79%
Boeing 777-300ER
77%
Boeing 787-10
77%
Boeing 777-200ER
75%
No matching quizzes found
Score Distribution
Percent of People with Each Score
Percentile by Number Answered
Your Score History
You have not taken this quiz